[Event "DRUZYNOWE MISTRZOSTWA POLSKI JUNIOROW - II LIGA"]
[Site "Szczyrk, CKiR Orle Gniazdo ul. Wrzosowa 28a"]
[Date "2014-07-30"]
[Round "8.113"]
[White "Kubicka, Anna"]
[Black "Dabrowska, Aleksandra"]
[Result "1-0"]
[WhiteTitle "I++"]
[BlackTitle "II"]
[WhiteElo "1760"]
[BlackElo "1372"]

1. e4 e5 2. Bc4 Nf6 3. d3 Nc6 4. Nf3 h6 5. Nbd2 Bc5 6. c3 d6 7. Bb3 Bd7 8. Nf1
Ng4 9. Be3 Nxe3 10. Nxe3 Bxe3 11. fxe3 Qe7 12. a4 a6 13. Bc2 a5 14. Qd2 Be6 15.
O-O O-O 16. d4 Bd7 17. b4 Rfe8 18. b5 Nd8 19. c4 b6 20. h3 Rc8 21. Rad1 Rf8 22.
dxe5 dxe5 23. Qxd7 1-0

[Event "DRUZYNOWE MISTRZOSTWA POLSKI JUNIOROW - II LIGA"]
[Site "Szczyrk, CKiR Orle Gniazdo ul. Wrzosowa 28a"]
[Date "2014-07-30"]
[Round "8.114"]
[White "Kaczmarska, Joanna"]
[Black "Gil, Oliwia"]
[Result "1/2-1/2"]
[WhiteTitle "I++"]
[BlackTitle "II"]
[WhiteElo "1717"]
[BlackElo "1307"]

1. d4 d5 2. c4 dxc4 3. e4 e5 4. d5 Nf6 5. Nc3 c6 6. Bxc4 Bb4 7. f3 O-O 8. Nge2
cxd5 9. Bxd5 Nxd5 10. Qxd5 Qxd5 11. exd5 Rd8 12. O-O Bc5+ 13. Kh1 Bf5 14. Rd1
Nd7 15. Ng3 Bg6 16. Nge4 Bd4 17. Nb5 Nb6 18. Bg5 f6 19. Bh4 a6 20. Nxd4 exd4 21.
Rxd4 Rxd5 22. Bxf6 Bxe4 23. fxe4 Rb5 24. Bd8 Rxb2 25. e5 Kf7 26. e6+ Ke8 27. e7
Nd7 28. Rf1 Rc8 29. Rg4 Rf2 30. Rd1 Rf7 31. h3 Ne5 32. Rgd4 Nc6 33. Rh4 h6 34.
g4 Nxd8 35. exd8=Q+ Rxd8 36. Re1+ Re7 37. Rf1 Rf7 38. Rc1 Rd6 39. Rh5 Rf2 40.
Rhc5 Rc6 41. Re1+ Kd7 42. Rd5+ Rd6 43. Rde5 Kc6 44. Rc1+ Kd7 45. Rce1 Kc6 46.
Rc1+ Kd7 47. Rce1 Kc6 48. Rc1+ Kd7 49. Rce1 Kc6 50. Rc1+ 1/2-1/2

[Event "DRUZYNOWE MISTRZOSTWA POLSKI JUNIOROW - II LIGA"]
[Site "Szczyrk, CKiR Orle Gniazdo ul. Wrzosowa 28a"]
[Date "2014-07-30"]
[Round "8.115"]
[White "Stasiowski, Karol"]
[Black "Krasinski, Mateusz"]
[Result "1/2-1/2"]
[WhiteTitle "II"]
[BlackTitle "II+"]
[WhiteElo "1521"]
[BlackElo "1657"]

1. e4 c5 2. d4 cxd4 3. c3 dxc3 4. Nxc3 Nc6 5. Bc4 e6 6. Nf3 d6 7. Bf4 Be7 8. Qe2
e5 9. Bg3 Nf6 10. h3 O-O 11. Rd1 Be6 12. Bxe5 Nxe5 13. Nxe5 Qc7 14. Bxe6 fxe6
15. Nf3 d5 16. exd5 exd5 17. O-O Rae8 18. Nxd5 Nxd5 19. Rxd5 Bf6 20. Qb5 a6 21.
Qb3 Kh8 22. Rfd1 Re2 23. R5d2 Rfe8 24. Rd7 Qc5 25. Nd4 Re1+ 26. Kh2 Qe5+ 27. g3
Qe4 28. Rxe1 Qxe1 29. Kg2 h6 30. Qxb7 Qb1 31. a3 Qe4+ 32. Qxe4 Rxe4 33. Nf5 Bxb2
34. Kf3 Ra4 35. Nd6 Rxa3+ 36. Ke4 Kh7 37. Nc4 Ra4 38. Kd5 Bf6 39. Ra7 Ra2 40.
f3 Rg2 41. g4 Rg3 1/2-1/2

[Event "DRUZYNOWE MISTRZOSTWA POLSKI JUNIOROW - II LIGA"]
[Site "Szczyrk, CKiR Orle Gniazdo ul. Wrzosowa 28a"]
[Date "2014-07-30"]
[Round "8.116"]
[White "Pajdzik, Kamil"]
[Black "Komandera, Pawel"]
[Result "1-0"]
[WhiteTitle "II"]
[BlackTitle "II"]
[WhiteElo "1525"]
[BlackElo "1453"]

1. e4 e6 2. d4 d5 3. Nd2 Nf6 4. e5 Nfd7 5. Bd3 c5 6. c3 Qb6 7. Ne2 Nc6 8. Nf3 cxd4
9. cxd4 Be7 10. O-O h6 11. a3 a5 12. Rb1 Qd8 13. Ng3 g6 14. h3 b6 15. Be3 Bb7
16. Qd2 h5 17. Ng5 Nf8 18. f4 h4 19. Ne2 Na7 20. Rbc1 Bc6 21. Rf2 b5 22. Rcf1
Bxg5 23. fxg5 Rh7 24. Nf4 Qb6 25. Rf3 Ke7 26. Qf2 Be8 27. Ne2 Rc8 28. Nc3 Qb7
29. Rf4 b4 30. Na4 bxa3 31. bxa3 Qb3 32. Nc5 Rxc5 33. Rb1 Qxd3 34. Rb7+ Kd8 35.
dxc5 Nc6 36. Bd2 Qxa3 37. Rf3 Qa1+ 38. Kh2 Qxe5+ 39. Bf4 Qd4 40. Qe2 Qxc5 41.
Qa6 Nd7 42. Rc7 Nb6 43. Rb7 e5 44. Bd2 Nc8 45. Rb5 Qd6 46. Rf6 Qd7 47. Rb7 Nb8
48. Rxd7+ Nxd7 49. Bxa5+ Ke7 50. Qxc8 1-0

[Event "DRUZYNOWE MISTRZOSTWA POLSKI JUNIOROW - II LIGA"]
[Site "Szczyrk, CKiR Orle Gniazdo ul. Wrzosowa 28a"]
[Date "2014-07-30"]
[Round "8.117"]
[White "Ficek, Szymon"]
[Black "Brozyna, Mateusz"]
[Result "0-1"]
[WhiteTitle "II"]
[BlackTitle "II"]
[WhiteElo "1144"]
[BlackElo "1471"]

1. b4 e5 2. Bb2 Bxb4 3. Bxe5 Nf6 4. Nc3 c5 5. Nb5 Ba5 6. Nd6+ Kf8 7. Nc4 Bc7 8.
Bxc7 Qxc7 9. Nf3 Nc6 10. e3 d5 11. Nb2 Bf5 12. Be2 g6 13. O-O Kg7 14. Nh4 Be6
15. Nd3 Ne5 16. Nf3 Nxf3+ 17. Bxf3 Nd7 18. Nf4 Ne5 19. Bxd5 Bxd5 20. Nxd5 Qd7
21. Nc3 Rhd8 22. Ne4 Qd5 23. d3 c4 24. Nc3 Qa5 25. Ne4 cxd3 26. f4 Nc4 27. Qf3
dxc2 28. f5 Qxf5 29. Qxf5 gxf5 30. Nc5 Nxe3 31. Rfe1 Rd1 32. Kf2 Rxe1 33. Kxe1
Rd8 0-1

[Event "DRUZYNOWE MISTRZOSTWA POLSKI JUNIOROW - II LIGA"]
[Site "Szczyrk, CKiR Orle Gniazdo ul. Wrzosowa 28a"]
[Date "2014-07-30"]
[Round "8.119"]
[White "Klisz, Karolina"]
[Black "Jarocka, Liwia"]
[Result "1-0"]
[WhiteTitle "I"]
[BlackTitle "I"]
[WhiteElo "1440"]
[BlackElo "1325"]

1. b4 e5 2. Bb2 Bxb4 3. Bxe5 Nf6 4. Nc3 Nc6 5. Bxf6 Qxf6 6. Nd5 Qd8 7. Nxb4 Nxb4
8. Rb1 Nd5 9. c4 Nf6 10. Nf3 b6 11. e3 Bb7 12. d4 d5 13. c5 Bc8 14. Bb5+ Bd7 15.
Bxd7+ Qxd7 16. Ne5 Qe6 17. Qa4+ Nd7 18. cxb6 cxb6 19. Rxb6 Qe7 20. Rb7 Rd8 21.
Nxd7 Rxd7 22. Rb8+ Qd8 23. Rxd8+ Kxd8 24. O-O Ke7 25. Re1 Rb8 26. h3 Rdb7 27.
e4 dxe4 28. Rxe4+ Kd6 29. Qa3+ Kd5 30. Re5+ Kxd4 31. Qd6+ Kc3 32. Rc5+ Kb2 33.
Qd2+ Ka1 34. Rc1+ Rb1 35. Qd4+ R8b2 36. Rxb1+ Kxb1 37. Qxa7 Rxa2 38. Qxf7 Rc2
39. Qxg7 Rc1+ 40. Kh2 Rc2 41. Qxh7 Kb2 42. Qxc2+ Kxc2 43. h4 Kd3 44. h5 Ke4 45.
h6 Kf5 46. h7 Kg6 47. h8=Q Kf7 48. Qe5 Kg8 49. Qf4 Kg7 50. Kg3 Kg6 51. Kg4 Kg7
52. Kg5 Kh7 53. Qf6 Kg8 54. Qe7 Kh8 55. Kg6 Kg8 56. Qg7# 1-0

[Event "DRUZYNOWE MISTRZOSTWA POLSKI JUNIOROW - II LIGA"]
[Site "Szczyrk, CKiR Orle Gniazdo ul. Wrzosowa 28a"]
[Date "2014-07-30"]
[Round "8.121"]
[White "Kruszynski, Krzysztof"]
[Black "Kokoszczynski, Jan"]
[Result "1-0"]
[WhiteTitle "II"]
[BlackTitle "I"]
[WhiteElo "1675"]
[BlackElo "1753"]

1. d4 Nf6 2. c4 g6 3. Nc3 d5 4. cxd5 Nxd5 5. e4 Nxc3 6. bxc3 Bg7 7. Bc4 c5 8. Be3
Nc6 9. Ne2 O-O 10. O-O Qc7 11. Qc1 Rd8 12. Rd1 e6 13. Bg5 f6 14. Bf4 Qe7 15. Qa3
b6 16. dxc5 Qxc5 17. Rxd8+ Nxd8 18. Qxc5 bxc5 19. Be3 Bf8 20. Rd1 Nb7 21. Nf4
Kf7 22. Nxe6 Bxe6 23. Rd7+ Be7 24. Bxe6+ Kxe6 25. Rxb7 Rd8 26. Kf1 Rd3 27. Rxa7
Rxc3 28. a4 Ra3 29. a5 c4 30. Rxe7+ Kd6 31. Ra7 c3 32. Ke1 c2 33. Kd2 Ra2 34.
a6 Kc6 35. Ra8 Kb5 36. a7 Kc4 37. Rc8+ Kb3 38. a8=Q c1=Q+ 39. Kxc1 1-0

[Event "DRUZYNOWE MISTRZOSTWA POLSKI JUNIOROW - II LIGA"]
[Site "Szczyrk, CKiR Orle Gniazdo ul. Wrzosowa 28a"]
[Date "2014-07-30"]
[Round "8.122"]
[White "Piotrowicz, Jakub"]
[Black "Osinski, Kamil"]
[Result "0-1"]
[WhiteTitle "II"]
[BlackTitle "I"]
[WhiteElo "1388"]
[BlackElo "1815"]

1. e4 c5 2. Nf3 d6 3. c3 Nf6 4. Bb5+ Bd7 5. Bxd7+ Qxd7 6. d3 Nc6 7. Bg5 Ng4 8.
h3 Nge5 9. O-O e6 10. Nxe5 dxe5 11. Qe2 h6 12. Be3 Be7 13. f4 exf4 14. Bxf4 e5
15. Be3 O-O 16. Na3 Rad8 17. Rad1 f5 18. exf5 Rxf5 19. Nc4 b5 20. Na3 Rxf1+ 21.
Qxf1 c4 22. d4 exd4 23. Bxd4 Nxd4 24. Rxd4 Bc5 25. Nc2 Bxd4+ 26. Nxd4 Qd5 27.
Qf3 Qxf3 28. gxf3 b4 29. Kf2 bxc3 30. bxc3 Rb8 31. Ke3 Rb2 32. a4 Ra2 33. Nc6
Rxa4 34. Kd4 Kf7 35. Ne5+ Ke6 36. Nxc4 Ra1 37. Ne3 Rh1 38. c4 Rxh3 39. Ke4 Rh4+
40. Kd3 Rf4 41. Ke2 a5 42. Kf2 a4 43. Kg3 g5 44. c5 a3 45. c6 a2 46. c7 Kd7 47.
Nd5 a1=Q 48. Nxf4 Qe5 49. c8=Q+ Kxc8 50. Kg4 gxf4 51. Kh3 Qg5 52. Kh2 h5 53. Kh1
h4 54. Kh2 h3 55. Kxh3 Qg3# 0-1

[Event "DRUZYNOWE MISTRZOSTWA POLSKI JUNIOROW - II LIGA"]
[Site "Szczyrk, CKiR Orle Gniazdo ul. Wrzosowa 28a"]
[Date "2014-07-30"]
[Round "8.123"]
[White "Stanowski, Mateusz"]
[Black "Rylski, Mateusz"]
[Result "1-0"]
[WhiteTitle "II"]
[BlackTitle "II"]
[WhiteElo "1336"]
[BlackElo "1347"]

1. e4 e6 2. d4 d5 3. e5 c5 4. c3 Nc6 5. Nf3 Qb6 6. Bd3 cxd4 7. cxd4 Nxd4 8. Nxd4
Bc5 9. Nf3 Bxf2+ 10. Kf1 Bc5 11. Nc3 Bd7 12. Na4 Bxa4 13. Qxa4+ Kf8 14. b3 Ne7
15. Ke2 Rc8 16. Ba3 Bf2 17. Qf4 Bc5 18. Bxc5 Qxc5 19. Ng5 Nf5 20. Bxf5 Qb5+ 21.
Bd3 Rc2+ 22. Ke1 Qd7 23. Bxc2 h6 24. Qxf7+ Qxf7 25. Nxf7 Kxf7 26. Bd3 Rc8 27.
Kd2 Ke7 28. Rac1 Rf8 29. Rhf1 Rb8 30. Rc7+ Ke8 31. Rff7 a6 32. Rce7+ Kd8 33. Rxg7
Rc8 34. Bg6 Rc6 35. Re8# 1-0

[Event "DRUZYNOWE MISTRZOSTWA POLSKI JUNIOROW - II LIGA"]
[Site "Szczyrk, CKiR Orle Gniazdo ul. Wrzosowa 28a"]
[Date "2014-07-30"]
[Round "8.127"]
[White "Madalinski, Jan"]
[Black "Szczecina, Kamil"]
[Result "0-1"]
[WhiteTitle "II"]
[BlackTitle "I"]
[WhiteElo "1474"]
[BlackElo "1889"]

1. Nf3 Nf6 2. d4 e6 3. c4 d5 4. Bg5 Be7 5. e3 Nbd7 6. Nbd2 c5 7. Qc2 b6 8. Bd3
Bb7 9. O-O h6 10. Bxf6 Nxf6 11. cxd5 exd5 12. Bb5+ Kf8 13. Ne5 Qc7 14. Ndf3 Ne4
15. dxc5 bxc5 16. b4 c4 17. Nd3 Qb6 18. Bxc4 dxc4 0-1

[Event "DRUZYNOWE MISTRZOSTWA POLSKI JUNIOROW - II LIGA"]
[Site "Szczyrk, CKiR Orle Gniazdo ul. Wrzosowa 28a"]
[Date "2014-07-30"]
[Round "8.133"]
[White "Hladun, Bartlomiej"]
[Black "Tamon, Radoslaw"]
[Result "0-1"]
[WhiteTitle "II"]
[BlackTitle "I"]
[WhiteElo "1295"]
[BlackElo "1721"]

1. e4 e6 2. d4 d5 3. e5 c5 4. c3 Nc6 5. Nf3 Bd7 6. a3 f6 7. b4 fxe5 8. Nxe5 Nxe5
9. dxe5 Qc7 10. f4 Ne7 11. Nd2 cxb4 12. cxb4 Qc3 13. Rb1 Qe3+ 14. Be2 Bb5 15.
Nc4 Qc3+ 16. Bd2 Qxc4 17. Bxc4 dxc4 18. a4 Bc6 19. O-O Be4 20. Rb2 Bd3 21. Rf3
Nd5 22. f5 Be4 23. fxe6 Bxf3 24. Qxf3 O-O-O 25. Qe4 c3 26. Bxc3 Be7 27. b5 Rhf8
28. Rd2 Bc5+ 29. Bd4 Nc3 30. Qe3 Rxd4 31. Rxd4 Bxd4 32. Qxd4 Ne2+ 33. Kh1 Rf1+
34. Qg1 Rxg1# 0-1

[Event "DRUZYNOWE MISTRZOSTWA POLSKI JUNIOROW - II LIGA"]
[Site "Szczyrk, CKiR Orle Gniazdo ul. Wrzosowa 28a"]
[Date "2014-07-30"]
[Round "8.135"]
[White "Mackowiak, Filip"]
[Black "Wloch, Mikolaj"]
[Result "0-1"]
[WhiteTitle "II"]
[BlackTitle "II"]
[WhiteElo "1300"]
[BlackElo "1482"]

1. e4 c5 2. Nf3 d6 3. c4 Nf6 4. Nc3 Nc6 5. d4 cxd4 6. Nxd4 g6 7. Be2 Bg7 8. Be3
O-O 9. O-O Bd7 10. Rc1 Rc8 11. f3 a6 12. Qd2 Re8 13. Rfd1 Rf8 14. b3 Ne8 15. g4
Kh8 16. h3 e6 17. Kh2 Qc7 18. Kg2 f5 19. Bh6 fxg4 20. Bxg7+ Nxg7 21. fxg4 d5 22.
exd5 exd5 23. Nxd5 Qe5 24. Nf3 Qe4 25. Qd3 Qe6 26. Nb6 Rcd8 27. Nxd7 Rxd7 28.
Qc2 Re7 29. Re1 Qe3 30. Qd3 Qf4 31. Rcd1 Re3 32. Qd2 Ne5 33. Kf2 Nxf3 34. Bxf3
Qxf3+ 35. Kg1 Qg3+ 36. Kh1 Qxh3+ 37. Qh2 Qxh2+ 38. Kxh2 Rxe1 39. Rxe1 Re8 40.
Rd1 Ne6 41. Rd7 Nc5 42. Rd5 b6 43. b4 Na4 44. a3 Re4 45. c5 bxc5 46. bxc5 Rxg4
47. c6 Rc4 48. Rd8+ Kg7 49. Rd7+ Kh6 50. c7 Nb6 51. Rd6 Nc8 52. Rd7 Nb6 53. Rd6
Na8 54. Rd8 Nxc7 55. Rc8 Rc3 56. a4 Nd5 57. Ra8 Nb4 58. a5 Ra3 59. Rb8 Nd5 60.
Rb1 Rxa5 61. Rd1 Rc5 62. Ra1 a5 63. Kg3 Kg5 64. Kf3 Kf5 65. Ke2 Nc3+ 66. Kd3 a4
67. Kd4 Rc8 68. Rc1 Ne2+ 69. Kd5 Nxc1 70. Kd6 a3 71. Kd5 a2 72. Kd6 a1=Q 73. Kd5
Qa2+ 74. Kd6 Qd2+ 75. Ke7 Rc7+ 76. Kf8 Qd8# 0-1

[Event "DRUZYNOWE MISTRZOSTWA POLSKI JUNIOROW - II LIGA"]
[Site "Szczyrk, CKiR Orle Gniazdo ul. Wrzosowa 28a"]
[Date "2014-07-30"]
[Round "8.136"]
[White "Bawej, Jakub"]
[Black "Sulima, Franciszek"]
[Result "0-1"]
[WhiteTitle "III"]
[BlackTitle "II"]
[WhiteElo "1349"]
[BlackElo "1243"]

1. d4 Nf6 2. c4 g6 3. Nc3 Bg7 4. e4 d6 5. Bg5 O-O 6. Nf3 Na6 7. a3 e5 8. d5 Qe8
9. Bd3 h6 10. Bh4 Nc5 11. Bc2 Nh7 12. b4 Nd7 13. O-O h5 14. Ba4 Bh6 15. h3 g5
16. Bg3 f5 17. exf5 Rxf5 18. Bc2 Rf8 19. Qd2 Qe7 20. Bxh7+ Kxh7 21. Qd3+ Kg7 22.
Rfe1 Nf6 23. Nd4 h4 24. Bh2 Nh5 25. Qe2 Nf4 26. Bxf4 gxf4 27. Qh5 Qg5 28. Qxg5+
Bxg5 29. Ndb5 Rf7 30. Ne4 Bh6 31. Rad1 a6 32. Nbc3 f3 33. Nd2 fxg2 34. Kxg2 Bg5
35. Nf3 Be7 36. Ne4 Bxh3+ 37. Kxh3 Rxf3+ 38. Kh2 Rxa3 39. Rg1+ Kh6 40. Rg2 Rf8
41. Rdg1 Rff3 42. Rg6+ Kh5 43. Rg8 Rh3+ 44. Kg2 Kh6 45. Rg4 Bf8 46. Rg8 Bg7 47.
Kf1 Ra1+ 48. Kg2 Rxg1+ 49. Kxg1 Rb3 50. Rc8 Rxb4 51. Rxc7 b5 52. Nxd6 bxc4 53.
Rxc4 Rxc4 54. Nxc4 e4 55. d6 Bf6 56. Nb6 Kg5 57. Kg2 Kg4 58. Nc4 Bd8 59. d7 a5
60. Nd6 Kf4 61. Nb7 Bc7 62. d8=Q Bxd8 63. Nxd8 a4 64. Nc6 a3 65. Nb4 h3+ 66. Kh2
Kf3 67. Kxh3 Kxf2 68. Kg4 e3 69. Kf4 e2 70. Nd3+ Kf1 0-1

[Event "DRUZYNOWE MISTRZOSTWA POLSKI JUNIOROW - II LIGA"]
[Site "Szczyrk, CKiR Orle Gniazdo ul. Wrzosowa 28a"]
[Date "2014-07-30"]
[Round "8.137"]
[White "Wyrzykowska, Aleksandra"]
[Black "Wloch, Dominika"]
[Result "1-0"]
[WhiteTitle "II"]
[BlackTitle "II"]
[WhiteElo "1080"]
[BlackElo "1235"]

1. e4 c5 2. Nf3 d6 3. d4 cxd4 4. Nxd4 Nf6 5. Nc3 Nc6 6. Be3 Ng4 7. Qd2 g6 8. Be2
Nxe3 9. Qxe3 Bg7 10. Nf3 Bd7 11. O-O-O O-O 12. h4 h5 13. Ng5 Bh6 14. f4 Qa5 15.
a3 Rab8 16. Rd5 Qc7 17. Rg1 e6 18. Rdd1 f6 19. Nh3 e5 20. Qf2 Bxh3 21. gxh3 Bxf4+
22. Kb1 Kh7 23. Nd5 Qd7 24. Nxf4 exf4 25. Qxf4 Ne5 26. Qg3 Rbc8 27. Rc1 f5 28.
Bd3 Nxd3 29. Qxg6+ Kh8 30. Qxh5+ Qh7 31. Qxh7+ Kxh7 32. cxd3 Rxc1+ 33. Kxc1 fxe4
34. dxe4 Rf3 35. Rd1 Rxh3 36. Rxd6 Rh1+ 37. Rd1 Rxh4 38. Rd7+ Kg6 39. Rxb7 Rxe4
40. Rxa7 Rh4 41. Rd7 Kf6 42. b4 Ke6 43. Rd3 Rh5 44. Kc2 Rd5 45. Rxd5 Kxd5 46.
Kd3 Kc6 47. Kc4 Kb6 48. a4 Kc6 49. a5 Kb7 50. Kb5 Ka7 51. a6 Ka8 52. Kb6 Kb8 53.
b5 Ka8 54. Kc7 Ka7 55. b6+ Kxa6 56. b7 Ka5 57. b8=Q Ka4 58. Qb1 Ka5 59. Qb3 Ka6
60. Qb6# 1-0